Southwestern Indian jewelry

Bibliographic Details
Main Author: Cirillo, Dexter
Format: Book
Published: New York : Abbeville Press , 1992
Subjects:

MARC

LEADER 00000cam a2200000 7i4500
001 0000003287
002 000003546
005 20000330.0
020 |a 1558592822 
090 0 0 |a 739.27089974079   |b CIR 
100 1 |a Cirillo, Dexter 
245 1 0 |a Southwestern Indian jewelry   |c Dexter Cirillo;photographs of jewelry by Michel Monteaux;portraits ofartists by Stephen Northup 
260 |a New York :   |b Abbeville Press ,   |c 1992 
300 |a 240p. :   |b ill. ;   |c 24cm. 
650 0 0 |a Indians of North America   |z Southwest 
999 |a 036854   |b BUKU   |c PINJAMAN   |e PERPUSTAKAAN KOMUNITI PETALING JAYA